| 000 | 00688nam a22002057a 4500 | ||
|---|---|---|---|
| 999 |
_c3640 _d3640 |
||
| 003 | AR-CdUCM | ||
| 008 | 190307b ||||| |||| 00| 0 spa d | ||
| 040 |
_aMUNICIPALIDAD PROVINCIAL DEL CUSCO _cBIBLIOTECA MUNICIPAL DEL CUSCO |
||
| 082 |
_a848.815 / _bZ85 |
||
| 100 |
_aZola, Emilio _911867 |
||
| 245 |
_aLa conquista de plassans : _bLos Rougon-Macquart, historia natural y social de una familia durante el segundo imperio de Francia / |
||
| 260 |
_aBuenos Aires : _bSchapire, _c1966. |
||
| 300 |
_a357 paginas ; _c17 cm. |
||
| 505 | _aNovela. | ||
| 650 |
_aLiteratura Argentina _984 |
||
| 650 |
_aNovela _95 |
||
| 700 |
_aVarela, Alfredo _911868 |
||
| 942 |
_2ddc _cLIBROS |
||
| 945 | _aacv | ||